Dictionnaire de la performance et du théâtre contemporain (notice n° 2198739)
[ vue normale ]
| 000 -LEADER | |
|---|---|
| fixed length control field | 01407cam a2200133 4500500 |
| 005 - DATE AND TIME OF LATEST TRANSACTION | |
| control field | 20260405085601.0 |
| 041 ## - LANGUAGE CODE | |
| Language code of text/sound track or separate title | fre |
| 042 ## - AUTHENTICATION CODE | |
| Authentication code | dc |
| 100 10 - MAIN ENTRY--PERSONAL NAME | |
| Personal name | Pavis, Patrice |
| Relator term | author |
| 245 00 - TITLE STATEMENT | |
| Title | Dictionnaire de la performance et du théâtre contemporain |
| 260 ## - PUBLICATION, DISTRIBUTION, ETC. | |
| Name of publisher, distributor, etc. | Armand Colin,<br/> |
| Date of publication, distribution, etc. | 2018.<br/> |
| 520 ## - SUMMARY, ETC. | |
| Summary, etc. | Le théâtre se décline à présent sous bien d’autres formes que celle de la représentation scénique d’une action fictive incarnée par des acteurs. Depuis les années 1960 et les défis de la performance, les expériences spectaculaires et performatives se sont multipliées.L’auteur dans ce Dictionnaire de la performance et du théâtre contemporain a choisi quelque 240 termes et notions pour replacer le théâtre et les spectacles dans le contexte des arts et des méthodes d’analyse. Il puise généreusement dans la théorie des médias, l’anthropologie, l’esthétique et la philosophie de l’art.Outil de référence et de formation, à destination des étudiants et des professionnels, cet ouvrage met en valeur des formes artistiques et des méthodes liées aux spectacles dans un monde de plus en plus globalisé. Il est la continuation et l’aboutissement du Dictionnaire du théâtre, traduit en plus d’une vingtaine de langues. |
| 856 41 - ELECTRONIC LOCATION AND ACCESS | |
| Uniform Resource Identifier | <a href="https://shs.cairn.info/dictionnaire-de-la-performance-et-du-theatre--9782200617271?lang=fr&redirect-ssocas=7080">https://shs.cairn.info/dictionnaire-de-la-performance-et-du-theatre--9782200617271?lang=fr&redirect-ssocas=7080</a> |
Pas d'exemplaire disponible.




Réseaux sociaux